书目信息 |
| 题名: |
网络设备安全与防火墙
|
|
| 作者: | 杨富国 主编 ;吕志军 编 | |
| 分册: | ||
| 出版信息: | 北京 清华大学出版社 2005.3 |
|
| 页数: | 341页 | |
| 开本: | 26cm | |
| 丛书名: | ||
| 单 册: | ||
| 中图分类: | TP393.08-43 | |
| 科图分类: | ||
| 主题词: | 计算机网络--ji suan ji wang luo--安全技术--高等学校--教材 , 计算机网络--ji suan ji wang luo--防火墙--高等学校--教材 , 计算机网络--ji suan ji wang luo , 安全技术--an quan ji shu , 防火墙--fang huo qiang | |
| 电子资源: | ||
| ISBN: | 7-81082-356-6 | |
| 000 | 01402nam0 2200385 450 | |
| 000 | 01421nam0 2200385 450 | |
| 000 | 01384nam0 2200373 450 | |
| 000 | 01341nam0 2200361 450 | |
| 000 | 01330nam0 2200361 450 | |
| 000 | 01293nam0 2200349 45 | |
| 001 | 012005000000 | |
| 005 | 20051214100849.84 | |
| 010 | @a7-81082-356-6@dCNY29.00 | |
| 100 | @a20050630d2005 em y0chiy0121 ea | |
| 101 | 0 | @achi |
| 102 | @aCN@b110000 | |
| 105 | @af z 000yy | |
| 200 | 1 | @a网络设备安全与防火墙@Awang luo she bei an quan yu fang huo qiang@f杨富国主编@g吕志军 … [等]编 |
| 210 | @a北京@c清华大学出版社@a北京@c北京交通大学出版社@d2005.3 | |
| 215 | @a341页@c图@d26cm | |
| 300 | @a高等学校计算机科学与技术教材 | |
| 304 | @a本书编者为:吕志军、蔡圣闻、郑憬等 | |
| 320 | @a有书目 | |
| 330 | @a本书从介绍因特网的安全问题入手,讨论了网络中各种设备的安全问题和黑客攻击方法、随后介绍了网络协议的安全性。 | |
| 333 | @a阅读对象:防火墙安全管理人员等 | |
| 606 | 0 | @a计算机网络@Aji suan ji wang luo@x安全技术@x高等学校@j教材 |
| 606 | 0 | @a计算机网络@Aji suan ji wang luo@x防火墙@x高等学校@j教材 |
| 606 | 0 | @a计算机网络@Aji suan ji wang luo |
| 606 | 0 | @a安全技术@Aan quan ji shu |
| 606 | 0 | @a防火墙@Afang huo qiang |
| 690 | @aTP393.08-43@v4 | |
| 701 | 0 | @a杨富国@Ayang fu guo@4主编 |
| 702 | 0 | @a吕志军@Alu^ zhi jun@4编 |
| 801 | 0 | @aCN@bSRXX@c20051214 |
| 905 | @a10447@dTP393.08-43@eY172 | |
| 网络设备安全与防火墙/杨富国主编/吕志军 … [等]编.-北京:清华大学出版社;北京:北京交通大学出版社,2005.3 |
| 341页:图;26cm |
| 高等学校计算机科学与技术教材.-使用对象:阅读对象:防火墙安全管理人员等 |
| ISBN 7-81082-356-6:CNY29.00 |
| 本书从介绍因特网的安全问题入手,讨论了网络中各种设备的安全问题和黑客攻击方法、随后介绍了网络协议的安全性。 |
| ● |
| 相关链接 |
|
|
|
正题名:网络设备安全与防火墙
索取号:TP393.08-43/Y172
 
预约/预借
| 序号 | 登录号 | 条形码 | 馆藏地/架位号 | 状态 | 备注 |
| 1 | 548603 | 205486035 | 自科库301/301自科库 123排2列1层/ [索取号:TP393.08-43/Y172] | 在馆 | |
| 2 | 548604 | 205486044 | 自科二线404/301自科库 118排2列1层/ [索取号:TP393.08-43/Y172] | 在馆 | |
| 3 | 548605 | 205486053 | 自科库301/301自科库 123排2列1层/ [索取号:TP393.08-43/Y172] | 在馆 |